000
00253nam a2200097Ia 4500
008
240331s9999 xx 000 0 und d
082
_a
303.484
_b
AME
100
_a
Goldberg,H. ed
245
0
_a
American radicals :
_b
some problems and personalities
942
_c
L
999
_c
1232
_d
1232